=LDR 00000nam 2200000 4500 =001 INLIS000000000060296 =005 20220119104309 =035 ##$$a 0010-0122000232 =007 ta =008 220119###########################0#ind## =020 ##$$a 979-3519-20-7 =082 ##$$a 351.72 =084 ##$$a 351.72 Ped p =245 ##$$a Pedoman Pelaksanaan Pengadaan Barang/Jasa Pemerintah Kepres RI Nomor 80 Tahun 2003 dan Perubahannya =300 ##$$a iiix,373 halaman ; $c 21 cm. =650 #4$$a Perbendaharaan Negara =264 ##$$a Bandung :$b Fokus Media,$c 2008 =336 ##$$a teks$2 rdacontent =337 ##$$a lain-lain$2 rdamedia =338 ##$$a lain-lain$2 rdacarrier =990 ##$$a 03100310